000 00777nam a2200229Ii 4500
003 JO-AjNU
008 230605s9999||||xx |||||||||||||| ||und||
017 _a2003/13330
020 _a977-01-8678-3
040 _aJO-AjNU
_bara
_erda
_cJO-AjNU
041 _aara
050 1 4 _aPJ7862.H68.A17 2003
100 3 _aتأليف عناني،محمد,
_eauthor
_98061
245 0 0 _aأجمل ما كتب أمير الشعراء أحمد شوقي
264 3 1 _aالقاهرة: مكتبة الأسرة،2003 ؛ مهرجان القراءة للجميع 2003
300 _a175ص
336 _atext
_btxt
_2rdacontent
337 _aunmediated
_bn
_2rdamedia
338 _avolume
_bnc
_2rdacarrier
490 0 _aسلسلة الروائع
650 4 _aالشعر العربي - مصر
_98062
999 _aA596
_c4164
_d4164